Sheehy manual de urgencia de enfermería
Gardado en:
| Main Authors: | , |
|---|---|
| Autor Corporativo: | |
| Formato: | Libro |
| Idioma: | Lingua castelá |
| Publicado: |
Madrid
Elsevier
2007
|
| Edición: | 6a. ed |
| Subjects: | |
| Tags: |
Engadir etiqueta
Sen Etiquetas, Sexa o primeiro en etiquetar este rexistro!
|
MARC
| LEADER | 00000cam a2200000 a 4500 | ||
|---|---|---|---|
| 001 | UCD8175 | ||
| 003 | CL-VaPUC | ||
| 008 | 170428e20070000sp |||||||||||||||||spa|d | ||
| 020 | |a 9788481749427 | ||
| 020 | |a 8481749427 | ||
| 082 | 0 | 4 | |a 610.7381 |b NEW |2 21 |
| 100 | |a Newberry, Lorene |e autora |9 592006 | ||
| 700 | 0 | |a Criddle, Laura M |e author |9 592007 | |
| 110 | 2 | |a Emergency Nurses Association |e author |9 592008 | |
| 245 | 1 | 0 | |a Sheehy manual de urgencia de enfermería |
| 250 | |a 6a. ed | ||
| 300 | |a 955 p | ||
| 942 | |c BK | ||
| 945 | |d 20170428 01:26:00 |a arojas | ||
| 260 | |a Madrid |b Elsevier |c 2007 | ||
| 650 | 7 | |a MANUAL DE ENFERMERIA |2 CL-VaPUC |9 556768 | |
| 650 | 0 | |a Asistentes médicos |9 556767 | |
| 650 | 0 | |a Urgencias médicas |9 567579 | |
| 650 | 0 | |a Atención médica |9 337119 | |
| 583 | |a last modification |c 20170428 01:26:00 |k Rodrigo Vera | ||
| 999 | |c 367879 |d 367877 | ||